| 000 | 00608nam a22001577a 4500 | ||
|---|---|---|---|
| 003 | OSt | ||
| 005 | 20151030150013.0 | ||
| 008 | 151030b xxu||||| |||| 00| 0 eng d | ||
| 040 | _cRUA | ||
| 082 | _aATM.s LY 2004 B057 Or.1 | ||
| 100 |
_93069 _aLY, MENGHONG. |
||
| 245 | _aTobacco exploitation at kosh sotin district kampong cham province, ការធ្វើអាជីវកម្មលើដំណាំថ្នាំជក់នៅស្រុកកោះសូទិន ខេត្តកំពង់ចាម | ||
| 260 |
_aPhnom Penh _bRUA _c2004 |
||
| 300 |
_a42p. _bill. _c29cm. |
||
| 942 |
_2ddc _cATMSP |
||
| 999 |
_c2861 _d2861 |
||